| 000 | 00812nam a22002177a 4500 | ||
|---|---|---|---|
| 999 |
_c18920 _d18920 |
||
| 003 | AR-CdUCM | ||
| 008 | 190515b ||||| |||| 00| 0 spa d | ||
| 040 |
_aMUNICIPALIDAD PROVINCIAL DEL CUSCO _cBIBLIOTECA MUNICIPAL DEL CUSCO |
||
| 082 |
_a070.407 / _bL726 |
||
| 100 |
_aLlanos Horna, Segundo J. _939840 |
||
| 245 | _aPeriodismo informativo / | ||
| 260 |
_aTrujillo : _bLibertad, _c1993. |
||
| 300 |
_a130 páginas ; _c21 cm. |
||
| 505 | _aContenido: Comunicación y periodismo -- Clases de periodismo -- Géneros periodísticos -- Géneros y sus especies -- La noticia -- La información -- La crónica ... | ||
| 650 |
_aPeriodismo _91929 |
||
| 650 |
_aGeneros _96093 |
||
| 650 |
_aPerú _935 |
||
| 710 |
_aMunicipalidad Provincial de Trujillo. _928757 |
||
| 942 |
_2ddc _cLIBROS |
||
| 945 |
_aachl _d2019-05-15 |
||